01384nam a2200241Ia 4500001001100000003001000011008004100021040002500062041001300087100002600100245004700126250001100173260006300184300001200247500025300259501011400512520025300626650004500879942000700924957000600931999004300937952016200980L808-31119IT-CnALBA170116s9999||||xx |||||||||||||| ||und|| aIT-CnALBAcIT-CnALBA aITALIANO aLESNA D. SILVIO, SAC. 0aFRÀ DOLCINO. RICORDI DEL MONTE RUBELLO.  a2a ed. a BIELLAbBIELLESE UNIONE TIPOGRAFIA c1924 [1° Ed.: n.d.] a237 p.  aVITA E VICENDE DI FRÀ DOLCINO NELLO SFONDO DI TRIVERO. ERETICO. MEDIOEVO. CRUDELTA' DI FRÀ DOLCINO. STRAGI E VENDETTE. RISCOSSA DEI VALSESIANI. LA TANA DEL DIAVOLO. S. BERNARDO DA MENTONE. SANTUARIO SUL MONTE RUBELLO. CENNI STORICI SU TRIVERO.  aSocietà San Paolo EM - Piazza San Paolo, 14 - 12051 ALBA (CN) (non commercial uses only) ® Copyright 2017 aVITA E VICENDE DI FRÀ DOLCINO NELLO SFONDO DI TRIVERO. ERETICO. MEDIOEVO. CRUDELTA' DI FRÀ DOLCINO. STRAGI E VENDETTE. RISCOSSA DEI VALSESIANI. LA TANA DEL DIAVOLO. S. BERNARDO DA MENTONE. SANTUARIO SUL MONTE RUBELLO. CENNI STORICI SU TRIVERO.  aNARRATIVA DI VARIE LETTERATURE - ROMANZI cBK 71 a35893bSI g Copie: 1 c289959d289959 0010406L_8083111971aALBAbALBAd2017-01-16l0oL808-31119r2017-01-16 00:00:00w2017-01-16yBKz(data import: 16 gennaio 2017) - By Epidotti, Vaglietti.